000 00798nam a2200133Ia 4500
008 220620s9999||||xx |||||||||||||| ||und||
100 _aHay, Johnnie||Joubert, Carmen||Makhalemele, Thabo||Payne-van Staden, Isabel||Masunungure, Appolonia||Malindi, Macalane J.||Koen, Mariëtte P.||Engelbrecht, Petra||Neethling, Marinda||Botha, Daleen||van der Merwe, Wanda
245 0 _aReconceptualising education support services in South Africa
546 _aEnglish[eng]
650 _aEducation support services||ESS||multidisciplinary teams||inclusive education||school-based support teams||district-based support teams||learner support
700 _aHay, Johnnie||Malindi, Macalane||Makhalemele, Thabo
856 _uhttps://library.oapen.org/bitstream/20.500.12657/53911/1/9781776342051.pdf
942 _cEB
999 _c28338
_d28338